书目信息 |
| 题名: |
土木施工
|
|
| 作者: | 栗津清藏主编 ;季小莲 译 | |
| 分册: | ||
| 出版信息: | 北京 中国建筑工业出版社 2016.10 |
|
| 页数: | 205页 | |
| 开本: | 20cm | |
| 丛书名: | ||
| 单 册: | ||
| 中图分类: | TU | |
| 科图分类: | ||
| 主题词: | 建筑学 | |
| 电子资源: | ||
| ISBN: | 978-7-112-19317-2 | |
| 000 | 00628nam0 2200205 45 | |
| 001 | 1939725195 | |
| 005 | 20190305110408.39 | |
| 010 | @a978-7-112-19317-2@dRMB 28.00 | |
| 100 | @a20190305d2016 km y0chiy0120 ea | |
| 101 | 0 | @achi |
| 102 | @aCN@b110000 | |
| 200 | 1 | @a土木施工@Atu mu shi gong@f(日) 栗津清藏主编 ; 季小莲译@F(ri)li jin qing cang zhu bian;ji xiao lian yi |
| 210 | @a北京@c中国建筑工业出版社@d2016.10 | |
| 215 | @a205页@d20cm | |
| 606 | 0 | @a建筑学 |
| 690 | @aTU@v4 | |
| 701 | 0 | @a栗津清藏主编@Ali jin qing cang zhu bian |
| 702 | 0 | @a季小莲@Aji xiao lian@4译 |
| 801 | 0 | @aCN@bPFT@c20190305 |
| 905 | @a10447@dTU@eL375 | |
| 土木施工/(日) 栗津清藏主编 ; 季小莲译.-北京:中国建筑工业出版社,2016.10 |
| 205页;20cm |
| ISBN 978-7-112-19317-2:RMB 28.00 |
| ● |
| 相关链接 |
|
|
|
正题名:土木施工
索取号:TU/L375
 
预约/预借
| 序号 | 登录号 | 条形码 | 馆藏地/架位号 | 状态 | 备注 |
| 1 | 1304978 | 213049789 | 建筑库101/101建筑库 1排2列4层/ [索取号:TU/L375] | 在馆 |